[Event "8th RUS-CHN Summit Men Rapid"]
[Site "St Petersburg RUS"]
[Date "2012.07.07"]
[Round "5"]
[White "Li Chao2"]
[Black "Tomashevsky, E."]
[Result "1/2-1/2"]
[WhiteElo "2687"]
[BlackElo "2733"]
[PlyCount "195"]
[EventDate "2012.07.07"]
[SourceDate "1999.07.01"]

1. d4 Nf6 2. c4 e6 3. Nc3 Bb4 4. Qc2 O-O 5. e4 d5 6. e5 Ne4 7. Bd3 c5 8. Nf3
cxd4 9. Nxd4 Nd7 10. Bxe4 dxe4 11. Qxe4 Qa5 12. O-O Qxe5 13. Qh4 a6 14. Nf3 Qf6
15. Bg5 Qg6 16. Be7 Bxc3 17. bxc3 Re8 18. Rad1 f6 19. Bd6 e5 20. c5 Nf8 21.
Bxf8 Rxf8 22. Rd6 Qf7 23. Qe4 Bd7 24. Qxb7 Bb5 25. Qxf7+ Rxf7 26. c4 Bxc4 27.
Rc1 Bxa2 28. Nd2 Rc7 29. Ra1 Bf7 30. Rdxa6 Rxa6 31. Rxa6 h5 32. c6 Be8 33. f3
Bxc6 34. Kf2 Kf7 35. h4 Bd7 36. Ne4 Kg6 37. Ra2 Rc4 38. Kg3 Rd4 39. Ra7 Bf5 40.
Nf2 Rd2 41. Rb7 Kh6 42. Rb6 Rd7 43. Ra6 Rd2 44. Rb6 Kh7 45. Rb7 Bg6 46. Ra7 Bf5
47. Rb7 Rd6 48. Re7 Kh6 49. f4 Rd5 50. Kf3 Kg6 51. fxe5 fxe5 52. Ra7 Rb5 53.
Ra6+ Kh7 54. Ra3 Kh6 55. Ra6+ g6 56. Ra3 Kg7 57. Ra7+ Kf6 58. Ra3 Rb4 59. g3
Ke6 60. Ke3 Rb5 61. Nd1 Rd5 62. Ra6+ Ke7 63. Nf2 Rb5 64. Ra3 Kd6 65. Nd1 Rb1
66. Nc3 Rg1 67. Ra6+ Kc5 68. Ne2 Rg2 69. Kf3 Rh2 70. Ke3 Rh1 71. Ra5+ Kd6 72.
Ra6+ Kd7 73. Ra5 Ke6 74. Ra6+ Kf7 75. Ra7+ Kf6 76. Ra6+ Be6 77. Nc3 Kf5 78. Nb5
Rb1 79. Rb6 Ra1 80. Kf3 Bd5+ 81. Ke3 Rf1 82. Ke2 Rf3 83. Nd6+ Kg4 84. Rb5 Ba8
85. Ra5 Rf8 86. Rxe5 Kxg3 87. Rg5+ Kxh4 88. Rxg6 Bf3+ 89. Ke3 Bg4 90. Ne4 Rf3+
91. Kd4 Bf5 92. Rg1 Bxe4 93. Kxe4 Rg3 94. Rf1 Kg4 95. Rf8 h4 96. Rg8+ Kh3 97.
Rh8 Rg7 98. Kf3 1/2-1/2